000 002660000a22000970004500
100 1 _aDickson, Beth
245 1 0 _aThe gospel and Scottish fiction
300 _aVol. 14, Num. 1 (1996), Páginas 51-64
773 0 _tScottish Bulletin of Evangelical Theology
942 _cANA
999 _c55727
_d55727